Enterprise Resource Planning... (Record no. 7417)

MARC details
000 -LEADER
fixed length control field 00310nam a2200133Ia 4500
008 - FIXED-LENGTH DATA ELEMENTS--GENERAL INFORMATION
fixed length control field 191201s2011 xx 000 0 und d
100 ## - MAIN ENTRY--PERSONAL NAME
Personal name GARG, Vinod Kumar
245 #0 - TITLE STATEMENT
Title Enterprise Resource Planning...
250 ## - EDITION STATEMENT
Edition statement Ed 2nd
260 ## - PUBLICATION, DISTRIBUTION, ETC. (IMPRINT)
Date of publication, distribution, etc 2011
Name of publisher, distributor, etc PHI
Place of publication, distribution, etc N. delhi
300 ## - PHYSICAL DESCRIPTION
Extent 185
650 ## - SUBJECT ADDED ENTRY--TOPICAL TERM
Topical term or geographic name as entry element IT
942 ## - ADDED ENTRY ELEMENTS (KOHA)
Source of classification or shelving scheme Dewey Decimal Classification
Koha item type Book Bank
Holdings
Withdrawn status Lost status Source of classification or shelving scheme Damaged status Not for loan Collection code Home library Current library Date acquired Source of acquisition Cost, normal purchase price Bill Number Total Checkouts Full call number Acc. no. / Barcode Date last seen Bill Date Koha item type
    Dewey Decimal Classification     B.Tech(IT) PIET C-LIBRARY PIET C-LIBRARY 01/03/2011 The book company 150.00 6890 Rs. 99   658.301 GAE BB6338 04/12/2019 01/03/2011 Book Bank
    Dewey Decimal Classification     B.Tech(IT) PIET C-LIBRARY PIET C-LIBRARY 01/03/2011 The book company 150.00 6890 Rs. 99   658.301 GAE BB6339 04/12/2019 01/03/2011 Book Bank
    Dewey Decimal Classification     B.Tech(IT) PIET C-LIBRARY PIET C-LIBRARY 01/03/2011 The book company 150.00 6890 Rs. 99   658.301 GAE BB6340 04/12/2019 01/03/2011 Book Bank
    Dewey Decimal Classification     B.Tech(IT) PIET C-LIBRARY PIET C-LIBRARY 01/03/2011 The book company 150.00 6890 Rs. 99   658.301 GAE BB6341 04/12/2019 01/03/2011 Book Bank
    Dewey Decimal Classification     B.Tech(IT) PIET C-LIBRARY PIET C-LIBRARY 01/03/2011 The book company 150.00 6890 Rs. 99   658.301 GAE BB6342 04/12/2019 01/03/2011 Book Bank
    Dewey Decimal Classification     B.Tech(IT) PIET C-LIBRARY PIET C-LIBRARY 01/03/2011 The book company 150.00 6890 Rs. 99   658.301 GAE BB6343 04/12/2019 01/03/2011 Book Bank

Design & Developed by: PIET Central Library
R70 Miles Stone Pattikalyana Samalkha Panipat 132102
mail ID :- [email protected], Phone No:- 0180-2569700 Ex.216